| 000 | 01003nas a2200325 4500 | ||
|---|---|---|---|
| 001 | BR0403499 | ||
| 003 | BR-BrBNA | ||
| 005 | 20231205104714.0 | ||
| 007 | ta | ||
| 008 | 230509b bl.|||p| |||| 00| 00por d | ||
| 040 |
_aBR-BrBNA _bpor _cBiblioteca Nacional de Agricultura |
||
| 041 | _a(Pt) | ||
| 072 | _aL73; L10 | ||
| 100 | 1 | _aRodrigues, A.L.B. | |
| 100 | 1 | _aGirio, R.J.S. | |
| 100 | 1 | _aEsper, C.R. | |
| 100 | 1 | _aRodrigues, L.H. | |
| 100 | 1 | _aMagajevski, F.S. | |
| 100 | 1 | _aOliveira, M.A. | |
| 245 | 1 | _aSobrevivência da Leptospira interrogans sorovariedade pomona em sêmen bovino experimentalmente contaminado | |
| 650 | _aBOVINO | ||
| 650 | _aGADO LEITEIRO | ||
| 650 | _aSÊMEN | ||
| 650 | _aLEPTOSPIROSE | ||
| 650 | _aCONTAMINAÇÃO | ||
| 650 | _aINSEMINAÇÃO ARTIFICIAL | ||
| 773 | 0 |
_tRevista Brasileira de Reprodução Animal (Brazil) _xISSN 0102-0803 _g(Oct-Dec 2003), v. 27(4) p. 636-643 _wBR0403499 |
|
| 909 |
_a202311 _bLúcia _c55 _dLúcia Elande |
||
| 942 |
_2AGRIS _n0 _cANA |
||
| 999 |
_c179355 _d179355 |
||